000
00254nam a22001097a 4500
008
131217t xxu||||| |||| 00| 0 eng d
020
_a
0-00-616449-8
100
_a
Agatha Christie
_9
444
245
_a
Passenger to Frankfurt
300
_a
000
942
_2
ddc
_c
BK
999
_c
16715
_d
16715